| 000 | 00996nam a22002537a 4500 | ||
|---|---|---|---|
| 001 | 10005 | ||
| 003 | FISKH | ||
| 005 | 20260325152057.0 | ||
| 008 | 260325b cb ||||| |||| 00| 0 eng d | ||
| 040 |
_aFISKH _beng _cFISKH _dFISKH |
||
| 082 | _a813.6 | ||
| 100 | _aAnonymous | ||
| 245 |
_aរឿង លោកគ្រូសួរ / _cវិចិត្ររូបភាពដោយ៖ លោកគ្រូ ឡម ភីរៈ |
||
| 260 |
_aPhnom Penh : _bMistry of Youth and Sport, _c2020 |
||
| 300 |
_a8 pages : _bcolor illustrations ; _c30 cm |
||
| 505 | _aG | ||
| 520 | _aលោកគ្រូបានសួរសំណួរមួយចំនួនទៅកាន់កូនៗក្នុងថ្នាក់អំពីសត្វ | ||
| 520 | _aThe teacher asked the students in the class some questions about animals. | ||
| 521 | 8 |
_a380
_bLexile estimate |
|
| 521 | 8 |
_aG
_bRaz-Plus |
|
| 650 | _aQuestion and Answer | ||
| 942 |
_2ddc _cBK _n0 |
||
| 999 |
_c10005 _d10005 |
||